| 000 | 00412nam a2200157 i 4500 | ||
|---|---|---|---|
| 001 | 85195 | ||
| 003 | ES-MaACL | ||
| 005 | 20230906175211.0 | ||
| 007 | t| | ||
| 008 | 041126s1951 sp ||||1| spa d | ||
| 100 | 1 |
_aJiménez, Urbano. _966440 |
|
| 245 | 1 | 0 |
_aEntre todas las cosas / _cUrbano Jiménez. |
| 260 |
_aGranada : _b[s.n., _c1951] |
||
| 300 |
_a20 h. ; _c16 cm. |
||
| 852 |
_aES-MaACL _j1940-F-6 _bR.31787 |
||
| 999 |
_c85195 _d85195 |
||